লোডিং...

Heaven is for Real: A little boy's astounding story of his trip to heaven and back

গ্রন্থ-পঞ্জীর বিবরন
প্রধান লেখক: Todd Burpo
প্রকাশিত: Thomas Nelson 2010
LEADER 00254 a2200097 4500
020
260 |b Thomas Nelson  |c 2010 
942 |c BK  |6 _ 
245 |a Heaven is for Real: A little boy's astounding story of his trip to heaven and back 
100 |a Todd Burpo 
999 |c 63211  |d 63211